Julius Caesar (Notes)

Gorde:
Xehetasun bibliografikoak
Egile nagusia: Shakespeare, William
Formatua: Liburua
Hizkuntza:Undetermined
Argitaratua: Londres, Inglaterra Methuen 1968
Gaiak:
Etiketak: Etiketa erantsi
Etiketarik gabe, Izan zaitez lehena erregistro honi etiketa jartzen!

MARC

LEADER 00000nam a2200000Ia 4500
008 170316s9999 xx 000 0 und d
040 |a cru BVZT 
090 |a 820 S-5j 
100 |a Shakespeare, William 
245 |a Julius Caesar (Notes) 
260 |a Londres, Inglaterra 
260 |b Methuen 
260 |c 1968 
300 |a 39 páginas 
650 |a LITERATURA INGLESA  |9 12 
999 |c 7132  |d 7132 
942 |c LIB  |h 820 S-5j  |2 z